000 00784nab a2200253 a 4500
001 55642
003 126465
005 20201118103138.0
008 ||||||n9999 ||| || ||
041 _aspa
100 _aCorpaci, Alfredo
245 0 _aReformas en la laboralizacion publico en Italia, aspectos constitucionales y referencia a la normativa mas reciente
260 _aEspaña :
_bInstituto Canario de Administración Pública-INAP,
_c1995.
300 _app.247-292
562 _e0
650 _aANÁLISIS ADMINISTRATIVO
650 _aEMPLEADOS PÚBLICOS
650 _aITALIA
650 _aLEGISLACION DEL TRABAJO
650 _aNORMATIVIDAD
650 _aREFORMAS CONSTITUCIONALES
773 _049699
_aDocumentación Administrativa - No.243
942 _cSART
999 _c55642
_d55642